Start-up ako generátor hodnoty diplomová práca

Uložené v:
Podrobná bibliografia
Hlavný autor: Čižnárová, Karolína
Korporativný autor: Fakulta podnikového manažmentu EU. Katedra podnikovohospodárska
Ďalší autori: Majdúchová, Helena, 1963-
Médium: Kniha
Jazyk:Slovak
Vydavateľské údaje: Bratislava 2018
Tagy: Pridať tag
Žiadne tagy, Buďte prvý, kto otaguje tento záznam!

MARC

LEADER 00000nbm a2200000 4500
001 0244893
005 20181004110944.4
041 0 |a slo 
044 |a SK 
245 1 0 |a Start-up ako generátor hodnoty  |b diplomová práca  |c Karolína Čižnárová ; školiteľ: Helena Majdúchová 
264 1 |a Bratislava  |c 2018 
300 |a 79 s. 
100 1 |a Čižnárová, Karolína 
700 1 |a Majdúchová, Helena, 1963- 
710 2 |a Fakulta podnikového manažmentu EU. Katedra podnikovohospodárska